Trusts and Estate Taxation / (Registro nro. 7675)

Detalles MARC
000 -LEADER
fixed length control field 00980nam a2200229Ia 4500
003 - CONTROL NUMBER IDENTIFIER
control field OSt
005 - DATE AND TIME OF LATEST TRANSACTION
control field 20210419181745.0
008 - FIXED-LENGTH DATA ELEMENTS--GENERAL INFORMATION
fixed length control field 210310s1967 eu gr 000 0 eng d
040 ## - CATALOGING SOURCE
Original cataloging agency CO-JMCR
Transcribing agency CO-JMCR
041 0# - LANGUAGE CODE
Language code of text/sound track or separate title eng
082 04 - DEWEY DECIMAL CLASSIFICATION NUMBER
Classification number 336.220973 /
Item number J157t
Edition number 23
100 1# - MAIN ENTRY--PERSONAL NAME
Personal name Jantscher, Gerald R.,
9 (RLIN) 15122
Relator term autor
245 10 - TITLE STATEMENT
Title Trusts and Estate Taxation /
Statement of responsibility, etc. Gerald R. Jantscher
260 ## - PUBLICATION, DISTRIBUTION, ETC.
Place of publication, distribution, etc. Washington :
Name of publisher, distributor, etc. The Brookings Institution,
Date of publication, distribution, etc. 1967
300 ## - PHYSICAL DESCRIPTION
Other physical details xv, 211 páginas ;
Dimensions 23 cm.
490 0# - SERIES STATEMENT
Series statement Studies of Government Finance
500 ## - GENERAL NOTE
General note Incluye notas a pie de página.
505 0# - FORMATTED CONTENTS NOTE
Formatted contents note The Law of trustrs and powers af appointment -- The trust in estate tax planning -- A sample of 1957 and 1959 estate tax returnees -- Analyses of all bequests in trust -- Analyses of interspousal bequests in trust -- Taxation of trusts within an estate and gift tax system
650 14 - SUBJECT ADDED ENTRY--TOPICAL TERM
Topical term or geographic name entry element Fideicomisos
9 (RLIN) 15124
Geographic subdivision Estados Unidos
650 14 - SUBJECT ADDED ENTRY--TOPICAL TERM
Topical term or geographic name entry element Impuestos
Geographic subdivision Estados Unidos
9 (RLIN) 6900
942 ## - ADDED ENTRY ELEMENTS (KOHA)
Source of classification or shelving scheme Dewey Decimal Classification
Koha item type Books
Existencias
Withdrawn status Lost status Source of classification or shelving scheme Damaged status Not for loan Collection code Home library Current library Date acquired Source of acquisition Full call number Barcode Date last seen Copy number Koha item type
    Dewey Decimal Classification     Non-fiction Biblioteca Pública José María del Castillo y Rada Biblioteca Pública José María del Castillo y Rada 04/15/2018 Donación 336.220973 / J157t 430003424 05/16/2024 Ej.1 Books